OPAC Home

චන්ද්‍රකාන්ති මාණික ය (Record no. 105335)

MARC details
000 -LEADER
fixed length control field 00561nam a2200205Ia 4500
003 - CONTROL NUMBER IDENTIFIER
control field LK-CoDNM
005 - DATE AND TIME OF LATEST TRANSACTION
control field 20240323102409.0
008 - FIXED-LENGTH DATA ELEMENTS--GENERAL INFORMATION
fixed length control field 010623t1960 xxu||||| |||| 00| 1 sin d
040 ## - CATALOGING SOURCE
Original cataloging agency LK-CoDNM
Modifying agency LK-CoDNM
Description conventions LK-CoDNM
041 ## - LANGUAGE CODE
Language code of text/sound track or separate title Sinhala; Sinhalese
080 ## - UNIVERSAL DECIMAL CLASSIFICATION NUMBER
Universal Decimal Classification number කො30
942 ## - ADDED ENTRY ELEMENTS (KOHA)
Koha item type Books
100 ## - MAIN ENTRY--PERSONAL NAME
Personal name Kolins,Vilki
700 ## - ADDED ENTRY--PERSONAL NAME
Personal name Kurukularachchi,D.H.J
Relator term editor
245 ## - TITLE STATEMENT
Title චන්ද්‍රකාන්ති මාණික ය
246 ## - VARYING FORM OF TITLE
Title proper/short title Chandrakaanthi Maanikya
260 ## - PUBLICATION, DISTRIBUTION, ETC. (IMPRINT)
Name of publisher, distributor, etc. Saman Press
Place of publication, distribution, etc. Maharagama
Date of publication, distribution, etc. 1960
300 ## - PHYSICAL DESCRIPTION
Other physical details Damaged
Extent 502p.,18cm
650 ## - SUBJECT ADDED ENTRY--TOPICAL TERM
Topical term or geographic name as entry element Novel
Holdings
Withdrawn status Lost status Damaged status Not for loan Collection code Permanent Location Current Location Date acquired Full call number Barcode Koha item type
        Monographs Library National Museum Colombo - Sri Lanka Library National Museum Colombo - Sri Lanka 2023-08-02 කො30 OB2201 Books
Copyright © 2023 Department of National Museum, Colombo 07, Sri Lanka Funded by UNESCO IFAP UNESCO